選抜高校野球 21世紀枠 - Statistics

General Stats
  • This quiz has been taken 26 times
  • The average score is 31 of 70
Answer Stats
Hint Answer % Correct
長崎西
81%
佐渡
76%
2026年 高知農
76%
2017年 不来方
67%
2020年(中止) 帯広農
67%
2009年 利府
62%
大島
62%
膳所
62%
2024年 別海
62%
壱岐
62%
宜野座
57%
洲本
57%
小豆島
57%
東播磨
57%
2025年 横浜清陵
57%
土佐
52%
2016年 釜石
52%
磐城
52%
平田
52%
2021年 八戸西
52%
田辺
52%
2003年 柏崎
48%
2005年 一迫商
48%
2008年 安房
48%
彦根東
48%
石巻工
48%
いわき海星
48%
2014年 小山台
48%
富岡西
48%
三島南
48%
2022年 只見
48%
2023年 石橋
48%
向陽
43%
松山東
43%
長田
43%
中村
43%
具志川商
43%
丹生
43%
氷見
43%
2002年 鵡川
38%
高松
38%
金沢桜丘
38%
成章
38%
2010年 山形中央
38%
海南
38%
多治見
38%
伊万里
38%
熊本西
38%
大分舞鶴
38%
2001年 安積
33%
隠岐
33%
2004年 一関一
33%
都城泉ヶ丘
33%
2011年 大館鳳鳴
33%
城南
33%
益田翔陽
33%
桐蔭
33%
2019年 石岡第一
33%
城東
33%
2007年 都留
29%
華陵
29%
2012年 女満別
29%
2015年 豊橋工
29%
松江北
24%
川島
24%
2018年 由利工
24%
2006年 真岡工
19%
大分上野丘
19%
2013年 遠軽
19%
八幡浜
10%
No matching quizzes found
Score Distribution
Percent of People with Each Score
Percentile by Number Answered
Your Score History
You have not taken this quiz